| 000 | 01228cam a22003254a 4500 | ||
|---|---|---|---|
| 001 | 15591632 | ||
| 003 | EG-ScBUE | ||
| 005 | 20220320105412.0 | ||
| 008 | 090119r20112009ilu f 000 1 eng d | ||
| 020 | _a9781564784919 (pbk. : acidfree paper) | ||
| 040 |
_aDLC _beng _erda _cDLC _dDLC _dEG-ScBUE |
||
| 041 | 1 |
_aeng _hcze |
|
| 082 | 0 | 4 |
_a891.8635 _222 _bAJV |
| 100 | 1 |
_aAjvaz, Michal, _d1949- _eauthor. _930494 |
|
| 245 | 1 | 4 |
_aThe other city : _ba novel / _cMichal Ajvaz ; translated by Gerald Turner. |
| 250 | _aSecond printing. | ||
| 264 | 1 |
_aChampaign ; _aLondon : _bDalkey Archive Press, _c2011. |
|
| 300 |
_a168 pages ; _c21 cm |
||
| 336 |
_2rdacontent _atext _btxt |
||
| 337 |
_2rdamedia _aunmediated _bn |
||
| 338 |
_2rdacarrier _avolume _bnc |
||
| 546 | _aText in English ; translated from the original Albanian. | ||
| 650 | _2BUEsh | ||
| 651 | 7 |
_930493 _aPrague (Czech Republic) _vFiction. _2BUEsh |
|
| 653 |
_cJuly2012 _bHHUUEENN |
||
| 655 |
_vReading book _934232 |
||
| 700 | 1 |
_aTurner, Gerald, _etranslator. _930495 |
|
| 942 |
_2ddc _cBB |
||
| 999 |
_c16846 _d16846 |
||